| Registos Bibliográficos associados ao registo de autoridade |
|
Etiqueta de registo: 00000nam 2200025 450 001 1936804 003 http://id.bnportugal.gov.pt/bib/catbnp/1936804 100 ## $a20160715d2016 k y0pory01030103ba 101 0# $aeng$dpor 102 ## $aPT 105 ## $aa m 001yy 106 ## $ar 200 1# $aComposite sandwich panel floors for building rehabilitation$fMário Alexandre de Jesus Garrido$gorient. João Pedro Ramôa Ribeiro Correia, Fernando António Baptista Branco, Thomas
Keller 210 #9 $aLisboa$c[s.n.],$d2016 215 ## $aXXVI, 252 p.$cil.$d30 cm 328 #1 $aTese dout. Civil Engineering, Inst. Superior Técnico, Univ. de Lisboa, 2016 675 ## $a624.01(043)$vBN$zpor$3302231 675 ## $a728.3.02(043)$vBN$zpor$31460144 675 ## $a693.21(043)$vBN$zpor$31501925 700 #1 $aGarrido,$bMário Alexandre de Jesus$31651755 702 #1 $aCorreia,$bJoão Pedro Ramôa Ribeiro,$f1978-$4727$31195148 702 #1 $aBranco,$bFernando$4727$3283612 702 #1 $aKeller,$bThomas$4727$3750784 801 #0 $aPT$bBN$gRPC 966 ## $lBN$mFGMON$sS.A. 162575 V.$x1
Etiqueta de registo: 00000nam 2200025 450 001 2109453 003 http://id.bnportugal.gov.pt/bib/catbnp/2109453 100 ## $a20220908d2022 k y0pory01030103ba 101 0# $aeng$dpor 102 ## $aPT 105 ## $aa m 000yy 106 ## $ar 200 1# $aSustainable bio-based resins and fibre-polymer composites for civil engineering structural
applications$fMateus de Assunção Hofmann$gsupervisor João Pedro Ramôa Ribeiro Correia, Mário Alexandre de Jesus Garrido, João
Carlos Moura Bordado 210 #9 $aLisboa$c[s.n.],$d2022 215 ## $aXXVIII, 240 p.$cil.$d30 cm 328 #1 $aTese dout. Civil Engineering, Instituto Superior Técnico, Universidade de Lisboa,
2022 675 ## $a624.01(043)$vBN$zpor$3302231 700 #1 $aHofmann,$bMateus de Assunção$31857844 702 #1 $aCorreia,$bJoão Pedro Ramôa Ribeiro,$f1978-$4727$31195148 702 #1 $aGarrido,$bMário Alexandre de Jesus$4727$31651755 702 #1 $aBordado,$bJoão Carlos Moura$4727$361309 801 #0 $aPT$bBN$gRPC 966 ## $lBN$mFGMON$sS.A. 183231 V.$x1 971 ## $corlando$d20220908 972 ## $e0$z0$d20220909$viquintas 973 ## $csteixeira$d20230118
Etiqueta de registo: 00000nam 2200025 450 001 2281374 003 http://id.bnportugal.gov.pt/bib/catbnp/2281374 100 ## $a20260318d2025 k y0pory01030103ba 101 0# $aeng$dpor 102 ## $aPT 105 ## $aa m 000yy 106 ## $ar 200 1# $aTemperature-dependent behaviour and viscoelasticity of fibre polymer composites and
polymeric foams used in sandwich panels$fEloísa Maria Castilho dos Santos$gorient. João Pedro Lage da Costa Firmo, Mário Alexandre de Jesus Garrido, João Pedro
Ramôa Ribeiro Correia 210 #9 $aLisboa$c[s.n.],$d2025 215 ## $aXXVI, 181 p.$cil.$d30 cm 328 #1 $aTese dout. Engenharia Civil, Instituto Superior Técnico, Universidade de Lisboa, 2025 675 ## $a624.03(043)$vBN$zpor$31438267 700 #1 $aSantos,$bEloísa Maria Castilho dos$31992174 702 #1 $aFirmo,$bJoão Pedro Lage da Costa$4727$31621078 702 #1 $aGarrido,$bMário Alexandre de Jesus$4727$31651755 702 #1 $aCorreia,$bJoão Pedro Ramôa Ribeiro,$f1978-$4727$31195148 801 #0 $aPT$bBN$gRPC 966 ## $lBN$mFGMON$sS.A. 193373 V.$x1 971 ## $corlando$d20260318 973 ## $cmlsousa$d20260320
|
|
|